000 00289nam a2200121Ia 4500
005 20251222141801.0
008 251222s9999||||xx |||||||||||||| ||spa||
082 _a421/T48
100 _aThornley, M.A.
245 2 _aA Traveller's Cheque and Other Stories
264 _bLongman
942 _cLIB
999 _c6145
_d6145